Perspectives économiques de l'OCDE 65 mai 1999

Na minha lista:
Detalhes bibliográficos
Formato: Livro
Idioma:francês
Publicado em: Paris OCDE 1999
Edição:prélimin. vers.
Assuntos:
Tags: Adicionar Tag
Sem tags, seja o primeiro a adicionar uma tag!

MARC

LEADER 00000nam a2200000 4500
001 c117873
005 20221108123143.2
041 0 |a fre 
044 |a FR 
245 1 0 |a Perspectives économiques de l'OCDE 65  |b mai 1999 
250 |a prélimin. vers. 
264 1 |a Paris  |b OCDE  |c 1999 
300 |a 200 s. 
610 2 0 |a ukazovatele ekonomické 
610 2 0 |a ukazovatele štatistické 
610 2 0 |a porovnanie medzinárodné 
610 2 0 |a porovnanie štatistické medzinárodné 
610 2 0 |a situácia hospodárska 
610 2 0 |a vývoj hospodársky 
610 2 0 |a OECD